Indice de apellidos probados en la Orden de Carlos 3º (Registro nro. 37803)

Detalles MARC
000 -LEADER
campo de control de longitud fija 00506nam a2200145 i 4500
001 - NÚMERO DE CONTROL
campo de control 37803
003 - IDENTIFICADOR DE NÚMERO DE CONTROL
campo de control ES-MaACL
007 - CAMPO FIJO DE DESCRIPCIÓN FÍSICA--INFORMACIÓN GENERAL
campo de control de longitud fija t|
008 - DATOS DE LONGITUD FIJA--INFORMACIÓN GENERAL
campo de control de longitud fija 030221s1965 sp ||||1| spa d
100 1# - ENTRADA PRINCIPAL--NOMBRE DE PERSONA
Nombre de persona Cadenas y Vicent, Vicente de.
9 (RLIN) 33391
245 10 - MENCIÓN DEL TÍTULO
Título Indice de apellidos probados en la Orden de Carlos 3º
Resto del título : antecedentes de otros que se conservan en sus expedientes /
Mención de responsabilidad, etc. Vicente de Cadenas y Vicent.
260 ## - PUBLICACIÓN, DISTRIBUCIÓN, ETC.
Lugar de publicación, distribución, etc. Madrid :
Nombre del editor, distribuidor, etc. Hidalguía,
Fecha de publicación, distribución, etc. 1965.
300 ## - DESCRIPCIÓN FÍSICA
Extensión 502 p. ;
Dimensiones 26 cm.
852 ## - LOCALIZACIÓN
Ubicación ES-MaACL
Número de control de estantería L-9780
Sublocalización o colección R.111014
Existencias
Estatus retirado Estado de pérdida Estado de daño No para préstamo Biblioteca de origen Biblioteca actual Ubicación en estantería Fecha de adquisición Fuente de adquisición Total de préstamos Signatura topográfica completa Código de barras Visto por última vez Precio de reemplazo Tipo de ítem Koha
        Biblioteca del Ateneo de Madrid Biblioteca del Ateneo de Madrid Depósito 2 17/01/2008     L-9780 1039800 23/02/2023 23/02/2023 Libro impreso